Mattel Companies - Statistics

General Stats
  • This quiz has been taken 16 times
  • The average score is 4 of 14
Answer Stats
Answer % Correct
Barbie
81%
Hot Wheels
63%
Matchbox
38%
Monster High
31%
Polly Pocket
31%
American Girl
25%
Uno
25%
Fisher-Price
19%
HiT Entertainment
19%
Masters of the Universe
19%
Mega Brands
19%
Corolle S.A.S.
13%
Ever After High
13%
Fuhu
13%
No matching quizzes found
Score Distribution
Percent of People with Each Score
Percentile by Number Answered
Your Score History
You have not taken this quiz